[Event "19. Wch 2009 Veteranos"]
[Site "Condino ITA"]
[Date "2009.11.03"]
[Round "7.9"]
[White "Karl, Hans"]
[Black "Pushkov, Nikolai"]
[Result "0-1"]
[WhiteElo "2229"]
[BlackElo "2499"]
[PlyCount "78"]
[EventDate "2009.10.27"]
[EventType "swiss"]
[EventRounds "11"]
[EventCountry "ITA"]
[Source "lmi"]
[SourceDate "2009.10.27"]

1. d4 d5 2. c4 e6 3. Nc3 Nf6 4. Nf3 Nbd7 5. Bg5 c6 6. e3 Qa5 7. Nd2 Bb4 8. Qc2
O-O 9. Be2 dxc4 10. Bxf6 Nxf6 11. Nxc4 Qc7 12. O-O Rd8 13. Rac1 Bd7 14. a3 Bf8
15. Ne5 Be8 16. Bf3 Rac8 17. Qb3 Qb8 18. Ne4 Nxe4 19. Bxe4 Bd6 20. Nf3 Qc7 21.
Rfd1 Qe7 22. h3 f6 23. Qa4 a6 24. Qc2 g5 25. Bd3 h5 26. Bg6 Kg7 27. Bxe8 Rxe8
28. Nh2 g4 29. hxg4 Rh8 30. f4 hxg4 31. Nxg4 Rcg8 32. Qf2 Kf8 33. Qf3 Qh7 34.
Kf1 f5 35. Nf2 Qh2 36. Nh3 Rg3 37. Qf2 Rhxh3 38. gxh3 Qxh3+ 39. Ke1 Rg2 0-1

[Event "19. Wch 2009 Veteranos"]
[Site "Condino ITA"]
[Date "2009.11.03"]
[Round "7.10"]
[White "Suba, Mihai"]
[Black "Loktiev, Ivan"]
[Result "1-0"]
[WhiteElo "2501"]
[BlackElo "2261"]
[PlyCount "63"]
[EventDate "2009.10.27"]
[EventType "swiss"]
[EventRounds "11"]
[EventCountry "ITA"]
[Source "lmi"]
[SourceDate "2009.10.27"]

1. c4 e6 2. Nf3 d5 3. b3 Nf6 4. Bb2 Be7 5. e3 O-O 6. Be2 b6 7. O-O Bb7 8. cxd5
Nxd5 9. a3 c5 10. Qc2 Nc6 11. d3 Rc8 12. Nbd2 Bf6 13. Bxf6 Qxf6 14. Rac1 Rfd8
15. Rfe1 Qe7 16. Qb1 h6 17. Ne4 Nf6 18. Nxf6+ gxf6 19. Rc4 Ne5 20. Nxe5 fxe5
21. Qb2 f6 22. b4 Kh7 23. bxc5 Rxc5 24. Rxc5 Qxc5 25. Rc1 Qe7 26. Bf1 Rc8 27.
Rxc8 Bxc8 28. d4 exd4 29. Qc2+ Kg7 30. Qxc8 dxe3 31. fxe3 Qxa3 32. Qd7+ 1-0

[Event "19. Wch 2009 Veteranos"]
[Site "Condino ITA"]
[Date "2009.11.03"]
[Round "7.11"]
[White "Kraidman, Yair"]
[Black "Gutman, Lev"]
[Result "0-1"]
[WhiteElo "2271"]
[BlackElo "2457"]
[PlyCount "76"]
[EventDate "2009.10.27"]
[EventType "swiss"]
[EventRounds "11"]
[EventCountry "ITA"]
[Source "lmi"]
[SourceDate "2009.10.27"]

1. d4 Nf6 2. c4 g6 3. Nc3 Bg7 4. e4 O-O 5. Be3 c6 6. h3 d5 7. e5 Ne4 8. cxd5
cxd5 9. Nf3 Nc6 10. Bb5 Qa5 11. Bxc6 bxc6 12. O-O Nxc3 13. Qd2 Ne2+ 14. Qxe2
Ba6 15. Qe1 Qb6 16. Qc3 Bxf1 17. Rxf1 a5 18. Rc1 Rfc8 19. Ne1 e6 20. Nd3 Qb5
21. Qd2 Bf8 22. g4 Rab8 23. Qc2 Be7 24. f4 c5 25. dxc5 d4 26. Bf2 Qc6 27. Qc4
Qf3 28. g5 Qxh3 29. Bxd4 Qg3+ 30. Kf1 Qf3+ 31. Kg1 Rd8 32. c6 Rbc8 33. c7 Rd7
34. Qa6 Rcxc7 35. Rxc7 Rxc7 36. Bc3 Kg7 37. Qxa5 Rc4 38. Qa7 Qxd3 0-1

[Event "19. Wch 2009 Veteranos"]
[Site "Condino ITA"]
[Date "2009.11.03"]
[Round "7.12"]
[White "Rukavina, Josip"]
[Black "Gruzmann, Boris"]
[Result "1-0"]
[WhiteElo "2435"]
[BlackElo "2251"]
[PlyCount "95"]
[EventDate "2009.10.27"]
[EventType "swiss"]
[EventRounds "11"]
[EventCountry "ITA"]
[Source "lmi"]
[SourceDate "2009.10.27"]

1. Nf3 Nf6 2. c4 g6 3. Nc3 Bg7 4. d4 d6 5. g3 O-O 6. Bg2 Nc6 7. O-O a6 8. h3
Rb8 9. Nd5 b5 10. Nxf6+ exf6 11. cxb5 axb5 12. Bd2 f5 13. e3 b4 14. Qc2 Bd7 15.
Rfc1 Rb6 16. Ne1 Re8 17. Nd3 g5 18. Qd1 Qb8 19. Rc4 Na5 20. Rxb4 Bb5 21. Rxb5
Rxb5 22. a4 Nb3 23. axb5 Nxa1 24. Bc6 Re6 25. Qxa1 Rh6 26. Kg2 Bf8 27. Qa8 Qxa8
28. Bxa8 Be7 29. Bd5 Bd8 30. Nb4 Kf8 31. Nc6 Ke8 32. Nxd8 Kxd8 33. Bxf7 Rf6 34.
Bd5 Rf8 35. Ba5 Kd7 36. Bc6+ Kc8 37. b6 cxb6 38. Bxb6 Kb8 39. b4 h5 40. b5 g4
41. Ba5 Rf6 42. Bd8 Rg6 43. b6 Kc8 44. Be7 Re6 45. Bg5 Rg6 46. h4 Re6 47. Kf1
Rg6 48. Ke2 1-0

[Event "19. Wch 2009 Veteranos"]
[Site "Condino ITA"]
[Date "2009.11.03"]
[Round "7.13"]
[White "Kuindzhy, Alexander"]
[Black "Rooze, Jan"]
[Result "1/2-1/2"]
[WhiteElo "2420"]
[BlackElo "2253"]
[PlyCount "76"]
[EventDate "2009.10.27"]
[EventType "swiss"]
[EventRounds "11"]
[EventCountry "ITA"]
[Source "lmi"]
[SourceDate "2009.10.27"]

1. e4 c5 2. c3 Nf6 3. e5 Nd5 4. Nf3 e6 5. c4 Ne7 6. b3 d6 7. exd6 Nf5 8. Bb2
Bxd6 9. Bd3 O-O 10. Bxf5 exf5 11. O-O Nc6 12. Nc3 a6 13. d4 cxd4 14. Nd5 Be6
15. Nxd4 Rc8 16. Re1 Re8 17. Qd2 Ne5 18. Nxe6 Rxe6 19. Rad1 Qh4 20. Bxe5 Bxe5
21. g3 Qd8 22. Qc2 g6 23. Re3 Qf8 24. Rde1 Rce8 25. Kg2 Qg7 26. Qd3 h5 27. h4
Kh8 28. R1e2 Bd4 29. Nc7 Bxe3 30. Nxe8 Rxe8 31. Qd7 Re4 32. Rxe3 Rxe3 33. fxe3
Qb2+ 34. Kf3 Qb1 35. Qe8+ Kg7 36. Qe5+ Kh7 37. e4 Qd3+ 38. Kf4 Qd2+ 1/2-1/2

[Event "19. Wch 2009 Veteranos"]
[Site "Condino ITA"]
[Date "2009.11.03"]
[Round "7.14"]
[White "Gutkin, Boris"]
[Black "Shvedchikov, Anatoli I"]
[Result "1-0"]
[WhiteElo "2255"]
[BlackElo "2411"]
[PlyCount "79"]
[EventDate "2009.10.27"]
[EventType "swiss"]
[EventRounds "11"]
[EventCountry "ITA"]
[Source "lmi"]
[SourceDate "2009.10.27"]

1. Nf3 Nf6 2. c4 c5 3. g3 d5 4. cxd5 Nxd5 5. Bg2 Nc6 6. O-O e5 7. Nc3 Nc7 8. a3
Be7 9. d3 O-O 10. Be3 Bd7 11. Nd2 b6 12. Nc4 f6 13. f4 exf4 14. Bxf4 Ne6 15.
Bd2 Rc8 16. Nd5 Be8 17. Bc3 Bf7 18. e4 Nc7 19. Nce3 Be6 20. Rf2 Bd6 21. Qh5 Qe8
22. Qh4 Be5 23. Raf1 Qd8 24. g4 h6 25. Qh5 Qe8 26. Qh4 Qd7 27. Qh5 Nd4 28. Kh1
Ncb5 29. Nf5 Nxf5 30. Bxe5 fxe5 31. gxf5 Bxd5 32. exd5 Rf6 33. Rg1 Nd6 34. Be4
Rc7 35. Rg6 Qf7 36. Qxh6 Rxg6 37. Qxg6 Qxg6 38. fxg6 c4 39. Rc2 Rc5 40. Kg2 1-0

[Event "19. Wch 2009 Veteranos"]
[Site "Condino ITA"]
[Date "2009.11.03"]
[Round "7.15"]
[White "Hohler, Peter"]
[Black "Kaufman, Larry C"]
[Result "0-1"]
[WhiteElo "2200"]
[BlackElo "2401"]
[PlyCount "74"]
[EventDate "2009.10.27"]
[EventType "swiss"]
[EventRounds "11"]
[EventCountry "ITA"]
[Source "lmi"]
[SourceDate "2009.10.27"]

1. d4 Nf6 2. c4 g6 3. Nc3 Bg7 4. e4 d6 5. f3 a6 6. Be3 c6 7. Qd2 b5 8. Bh6 Bxh6
9. Qxh6 Nbd7 10. a3 Qb6 11. Qd2 O-O 12. b4 a5 13. c5 Qb8 14. Rb1 axb4 15. axb4
Rd8 16. cxd6 Qxd6 17. f4 e5 18. Nf3 exd4 19. e5 Qe7 20. Qxd4 Nf8 21. Qb6 Bf5
22. Rb2 Ra3 23. Nd1 Nd5 24. Qxc6 Nxf4 25. Qxb5 Bd3 26. Bxd3 Nxd3+ 27. Ke2 Nxb2
28. Nxb2 Rb3 29. Nc4 Rxb4 30. Qc6 Qe6 31. Qxe6 Nxe6 32. Ncd2 Nf4+ 33. Kf2 Rb2
34. g3 Nd3+ 35. Ke3 Nxe5 36. Nxe5 Rdxd2 37. Nc4 Rxh2 0-1

[Event "19. Wch 2009 Veteranos"]
[Site "Condino ITA"]
[Date "2009.11.03"]
[Round "7.16"]
[White "Van Riemsdijk, Herman C"]
[Black "Simon, Padros Emili"]
[Result "1/2-1/2"]
[WhiteElo "2385"]
[BlackElo "2237"]
[PlyCount "56"]
[EventDate "2009.10.27"]
[EventType "swiss"]
[EventRounds "11"]
[EventCountry "ITA"]
[Source "lmi"]
[SourceDate "2009.10.27"]

1. e4 e6 2. d4 d5 3. Nc3 Bb4 4. e5 c5 5. a3 Bxc3+ 6. bxc3 Qc7 7. Nf3 b6 8. Bb5+
Bd7 9. Bd3 Ba4 10. Be3 Ne7 11. h4 Nd7 12. h5 h6 13. Qd2 c4 14. Be2 O-O-O 15.
Nh4 Rhf8 16. Bf4 Qc6 17. g4 f6 18. Nf3 fxe5 19. Nxe5 Nxe5 20. Bxe5 Rf7 21. f4
Qd7 22. O-O-O Nc6 23. Qe3 Nxe5 24. fxe5 Rdf8 25. Rdg1 Qe7 26. Kb2 Rf4 27. Rf1
Qg5 28. Rxf4 Rxf4 1/2-1/2

[Event "19. Wch 2009 Veteranos"]
[Site "Condino ITA"]
[Date "2009.11.03"]
[Round "7.17"]
[White "Bondick, Karl-Heinz"]
[Black "Mishuchkov, Nikolai M"]
[Result "0-1"]
[WhiteElo "2171"]
[BlackElo "2379"]
[PlyCount "62"]
[EventDate "2009.10.27"]
[EventType "swiss"]
[EventRounds "11"]
[EventCountry "ITA"]
[Source "lmi"]
[SourceDate "2009.10.27"]

1. d4 Nf6 2. c4 e6 3. Nc3 Bb4 4. Bd2 O-O 5. e3 c5 6. Bd3 cxd4 7. exd4 b6 8. Nf3
Bb7 9. O-O d5 10. a3 dxc4 11. Bxc4 Be7 12. Bg5 Nc6 13. Ba2 Nd5 14. Nxd5 Bxg5
15. Ne3 Bf6 16. Nc2 Qd6 17. Qd2 Ne7 18. Rad1 Bxf3 19. gxf3 Rfd8 20. Rfe1 g6 21.
Re4 Nf5 22. Qe2 Kg7 23. f4 a5 24. d5 Bxb2 25. Ne3 Qxa3 26. Nc4 Qxa2 27. Rd2
exd5 28. Rxb2 Qa1+ 29. Kg2 dxe4 30. Qxe4 Re8 31. Qd3 Re1 0-1

[Event "19. Wch 2009 Veteranos"]
[Site "Condino ITA"]
[Date "2009.11.03"]
[Round "7.18"]
[White "Plachetka, Jan"]
[Black "Rosino, Antonio"]
[Result "1/2-1/2"]
[WhiteElo "2378"]
[BlackElo "2229"]
[PlyCount "83"]
[EventDate "2009.10.27"]
[EventType "swiss"]
[EventRounds "11"]
[EventCountry "ITA"]
[Source "lmi"]
[SourceDate "2009.10.27"]

1. e4 e5 2. Nf3 Nc6 3. Bb5 a6 4. Ba4 Nf6 5. O-O Nxe4 6. d4 b5 7. Bb3 d5 8. dxe5
Be6 9. Nbd2 Nc5 10. c3 d4 11. Bxe6 Nxe6 12. cxd4 Ncxd4 13. Ne4 Be7 14. Be3 Nf5
15. Qc2 O-O 16. Rad1 Nxe3 17. fxe3 Qc8 18. Nd4 Nxd4 19. exd4 Qe6 20. Rd3 f5 21.
Nd2 c6 22. Rc3 Rac8 23. Qb3 Qxb3 24. Nxb3 a5 25. Rfc1 a4 26. Na5 c5 27. dxc5
Rfd8 28. Nb7 Rd5 29. Nd6 Rc6 30. Nxb5 Rcxc5 31. Rxc5 Bxc5+ 32. Kf1 Rxe5 33. Rc4
Be7 34. Nc3 a3 35. b4 Kf7 36. b5 Rc5 37. Rxc5 Bxc5 38. Na4 Bd6 39. h3 Ke6 40.
Ke2 Kd5 41. Kd3 Bb4 42. b6 1/2-1/2

[Event "19. Wch 2009 Veteranos"]
[Site "Condino ITA"]
[Date "2009.11.03"]
[Round "7.19"]
[White "Gutzeit, Avraham"]
[Black "Karasev, Vladimir I"]
[Result "0-1"]
[WhiteElo "2140"]
[BlackElo "2365"]
[PlyCount "116"]
[EventDate "2009.10.27"]
[EventType "swiss"]
[EventRounds "11"]
[EventCountry "ITA"]
[Source "lmi"]
[SourceDate "2009.10.27"]

1. e4 c5 2. Nf3 e6 3. c4 d6 4. Be2 e5 5. O-O Nc6 6. d3 h6 7. Nc3 g5 8. Ne1 Bg7
9. Nc2 Nge7 10. Ne3 O-O 11. Bg4 Nd4 12. Bxc8 Rxc8 13. Ncd5 Nxd5 14. Nxd5 f5 15.
exf5 Nxf5 16. Qa4 a6 17. Bd2 Rf7 18. Rab1 Nd4 19. Qd1 b5 20. Qg4 Qe8 21. h4 Qe6
22. Qxe6 Nxe6 23. hxg5 hxg5 24. cxb5 axb5 25. Nc3 b4 26. Ne4 Ra8 27. Nxd6 Rd7
28. Nf5 Rxd3 29. Nxg7 Kxg7 30. Be3 Rxa2 31. Rfc1 Rd5 32. Kf1 Kf6 33. g3 e4 34.
Kg2 Kf5 35. Rh1 Rd3 36. Rhc1 Ra5 37. Rh1 Ra6 38. Rhc1 Rc6 39. Ra1 Rd5 40. Ra4
Nd4 41. Bxd4 Rxd4 42. Ra5 Rd5 43. Rb5 Ke5 44. Rxb4 cxb4 45. Rxc6 Rd2 46. Rc5+
Kd4 47. Rxg5 e3 48. Rg4+ Kd3 49. Rxb4 Rxf2+ 50. Kg1 Rf8 51. Rb7 e2 52. Rd7+ Kc2
53. Rc7+ Kb1 54. Re7 Rf1+ 55. Kg2 e1=Q 56. Rxe1+ Rxe1 57. g4 Re3 58. Kf2 Rb3
0-1

[Event "19. Wch 2009 Veteranos"]
[Site "Condino ITA"]
[Date "2009.11.03"]
[Round "7.20"]
[White "Jakobsen, Ole"]
[Black "Sherwin, James T"]
[Result "1/2-1/2"]
[WhiteElo "2344"]
[BlackElo "2234"]
[PlyCount "109"]
[EventDate "2009.10.27"]
[EventType "swiss"]
[EventRounds "11"]
[EventCountry "ITA"]
[Source "lmi"]
[SourceDate "2009.10.27"]

1. d4 d5 2. Nf3 Nf6 3. c4 dxc4 4. e3 e6 5. Bxc4 a6 6. O-O c5 7. b3 Nc6 8. Bb2
cxd4 9. Nxd4 Nxd4 10. Qxd4 Qxd4 11. Bxd4 Bd7 12. Nd2 Bb4 13. Nf3 O-O 14. Ne5
Bb5 15. a3 Be7 16. a4 Bc6 17. Nxc6 bxc6 18. Rfd1 a5 19. f3 Nd5 20. e4 Nb4 21.
Bf2 Rfb8 22. Rd7 Kf8 23. Rad1 Ke8 24. Kf1 Rd8 25. Rxd8+ Bxd8 26. Ke2 Rb8 27.
Bd4 g6 28. Rd2 Rb7 29. g3 Rd7 30. Be3 Rb7 31. f4 Be7 32. g4 Bd8 33. g5 Rd7 34.
Rxd7 Kxd7 35. Kd2 Bc7 36. h4 Bd6 37. Be2 Bc7 38. h5 Bd6 39. h6 Bc7 40. Kc3 Na2+
41. Kc4 Nb4 42. Kc3 Na2+ 43. Kc2 Nb4+ 44. Kd2 Bd6 45. Bc4 Ke7 46. Be2 Na2 47.
Kc2 Nb4+ 48. Kb2 Kd7 49. Bc4 Ke8 50. Kb1 Ke7 51. Kc1 Na2+ 52. Kb2 Nb4 53. Kc3
Na2+ 54. Kd3 Nb4+ 55. Kd2 1/2-1/2

[Event "19. Wch 2009 Veteranos"]
[Site "Condino ITA"]
[Date "2009.11.03"]
[Round "7.22"]
[White "Onoprienko, Vladimir"]
[Black "Estrada, Martinez Cesar"]
[Result "1-0"]
[WhiteElo "2324"]
[BlackElo "2175"]
[PlyCount "103"]
[EventDate "2009.10.27"]
[EventType "swiss"]
[EventRounds "11"]
[EventCountry "ITA"]
[Source "lmi"]
[SourceDate "2009.10.27"]

1. e4 c5 2. Nf3 d6 3. d4 cxd4 4. Nxd4 Nf6 5. Nc3 Nc6 6. Bc4 Qb6 7. Nxc6 bxc6 8.
O-O g6 9. Qe1 Qc5 10. b3 Bg7 11. Na4 Qh5 12. Bb2 O-O 13. h3 d5 14. exd5 cxd5
15. Bd3 Re8 16. f4 Nd7 17. Bxg7 Kxg7 18. Qc3+ Nf6 19. Rae1 Kg8 20. Re5 Qh4 21.
Qd4 Bxh3 22. Rf3 Bg4 23. Rfe3 Be6 24. g3 Qh6 25. f5 gxf5 26. Bxf5 Bxf5 27. Rxf5
Ne4 28. Rxd5 Nf6 29. Rde5 Rad8 30. Qf4 Rd1+ 31. Re1 Rxe1+ 32. Rxe1 Qxf4 33.
gxf4 Nd5 34. Re4 Kg7 35. c4 Nb4 36. Nc3 Nc6 37. Nd5 e6 38. f5 e5 39. Rg4+ Kh6
40. f6 e4 41. Kf2 Nd4 42. Ne7 e3+ 43. Kxe3 Nf5+ 44. Kf2 Nxe7 45. Re4 Rd8 46.
fxe7 Re8 47. c5 Kg6 48. c6 f5 49. Re2 Kf7 50. c7 h5 51. Kg3 Rg8+ 52. Kh4 1-0

[Event "19. Wch 2009 Veteranos"]
[Site "Condino ITA"]
[Date "2009.11.03"]
[Round "7.23"]
[White "Busu, Corneliu"]
[Black "Feller, Josy"]
[Result "1/2-1/2"]
[WhiteElo "2320"]
[BlackElo "2196"]
[PlyCount "47"]
[EventDate "2009.10.27"]
[EventType "swiss"]
[EventRounds "11"]
[EventCountry "ITA"]
[Source "lmi"]
[SourceDate "2009.10.27"]

1. d4 d5 2. c4 dxc4 3. e3 e5 4. Bxc4 Nc6 5. Qb3 Nh6 6. Nf3 e4 7. Nfd2 f5 8. O-O
Bd6 9. g3 Bd7 10. Qd1 Ng4 11. Nc3 h5 12. Be2 Qg5 13. Nc4 O-O-O 14. Nxd6+ cxd6
15. h4 Qh6 16. Kg2 Ne7 17. Rh1 Nf6 18. f4 exf3+ 19. Bxf3 Qg6 20. Ne2 Ne4 21.
Qe1 Bc6 22. b4 Nd5 23. a4 Kb8 24. b5 1/2-1/2

[Event "19. Wch 2009 Veteranos"]
[Site "Condino ITA"]
[Date "2009.11.03"]
[Round "7.24"]
[White "Welz, Peter Dr"]
[Black "Sloth, Jorn"]
[Result "1-0"]
[WhiteElo "2101"]
[BlackElo "2312"]
[PlyCount "69"]
[EventDate "2009.10.27"]
[EventType "swiss"]
[EventRounds "11"]
[EventCountry "ITA"]
[Source "lmi"]
[SourceDate "2009.10.27"]

1. e4 c5 2. c3 Nf6 3. d3 Nc6 4. f4 g6 5. Nf3 Bg7 6. Be2 d6 7. O-O c4 8. d4 Nxe4
9. Bxc4 d5 10. Bd3 Nd6 11. Na3 Bf5 12. Bxf5 gxf5 13. Ne5 Qb6 14. Qb3 Qxb3 15.
axb3 Na5 16. b4 Nb3 17. Ra2 a5 18. Nc2 a4 19. Be3 e6 20. Kf2 Bxe5 21. dxe5 Ne4+
22. Ke2 Rg8 23. g3 b5 24. Nd4 Nxd4+ 25. Bxd4 Kd7 26. Rfa1 h5 27. b3 axb3 28.
Ra7+ Rxa7 29. Rxa7+ Kc6 30. c4 dxc4 31. Ra6+ Kd5 32. Ke3 c3 33. Bxc3 Nxc3 34.
Rd6+ Kc4 35. Rd4# 1-0

[Event "19. Wch 2009 Veteranos"]
[Site "Condino ITA"]
[Date "2009.11.03"]
[Round "7.25"]
[White "Wittmann, Walter"]
[Black "Nickl, Klaus"]
[Result "1/2-1/2"]
[WhiteElo "2291"]
[BlackElo "2151"]
[PlyCount "41"]
[EventDate "2009.10.27"]
[EventType "swiss"]
[EventRounds "11"]
[EventCountry "ITA"]
[Source "lmi"]
[SourceDate "2009.10.27"]

1. e4 c6 2. d4 d5 3. Nd2 g6 4. Ngf3 Bg7 5. c3 Nh6 6. h3 O-O 7. Bd3 f6 8. O-O
Nf7 9. c4 e6 10. Re1 Re8 11. b3 Nd7 12. Bb2 b6 13. exd5 cxd5 14. cxd5 exd5 15.
Ba3 Rxe1+ 16. Qxe1 Bf8 17. Qc1 Bb7 18. Qb2 Bd6 19. Bxd6 Nxd6 20. Re1 Nf8 21.
Qa3 1/2-1/2

[Event "19. Wch 2009 Veteranos"]
[Site "Condino ITA"]
[Date "2009.11.03"]
[Round "7.26"]
[White "Boehnisch, Manfred"]
[Black "Blaushtain, Boris"]
[Result "1-0"]
[WhiteElo "2366"]
[BlackElo "2155"]
[PlyCount "55"]
[EventDate "2009.10.27"]
[EventType "swiss"]
[EventRounds "11"]
[EventCountry "ITA"]
[Source "lmi"]
[SourceDate "2009.10.27"]

1. e4 e6 2. d4 d5 3. Nc3 dxe4 4. Nxe4 Be7 5. Nf3 Nf6 6. Bd3 Nbd7 7. Nxf6+ Bxf6
8. O-O O-O 9. c3 c5 10. Be3 cxd4 11. Nxd4 Nc5 12. Bxh7+ Kxh7 13. Qh5+ Kg8 14.
Qxc5 b6 15. Qc6 Ba6 16. Rfd1 Rc8 17. Qa4 Bc4 18. Nxe6 Qxd1+ 19. Rxd1 Bxe6 20.
Qxa7 Ra8 21. Qxb6 Rab8 22. Qa5 Rxb2 23. a3 Rc8 24. Bd4 Bxd4 25. cxd4 Rcc2 26.
h3 g6 27. d5 Rxf2 28. Qa8+ 1-0

[Event "19. Wch 2009 Veteranos"]
[Site "Condino ITA"]
[Date "2009.11.03"]
[Round "7.27"]
[White "Nordby, Bernt"]
[Black "Altshul, Raffael"]
[Result "0-1"]
[WhiteElo "2137"]
[BlackElo "2343"]
[PlyCount "74"]
[EventDate "2009.10.27"]
[EventType "swiss"]
[EventRounds "11"]
[EventCountry "ITA"]
[Source "lmi"]
[SourceDate "2009.10.27"]

1. d4 Nf6 2. Nf3 g6 3. c4 Bg7 4. Nc3 O-O 5. e4 d6 6. Be2 Na6 7. O-O e5 8. Re1
Qe8 9. dxe5 dxe5 10. Rb1 Nc5 11. Qc2 Ne6 12. Be3 Ng4 13. Rbd1 Nxe3 14. fxe3 c6
15. b4 Bh6 16. Bd3 Qe7 17. c5 Qc7 18. Nd2 b6 19. cxb6 Qxb6 20. Nc4 Qxb4 21. Rb1
Qc5 22. Na4 Qe7 23. Nxe5 Qc7 24. Nc4 Ba6 25. Kh1 Rab8 26. Ncb2 Bxd3 27. Nxd3
Rxb1 28. Qxb1 Qa5 29. Qc2 Rd8 30. Nab2 Qxa2 31. Qxc6 Bg7 32. Qb7 Bxb2 33. Nxb2
Rd2 34. Rf1 Nf8 35. Nd1 Rxg2 36. Qxf7+ Qxf7 37. Rxf7 Rxh2+ 0-1

[Event "19. Wch 2009 Veteranos"]
[Site "Condino ITA"]
[Date "2009.11.03"]
[Round "7.29"]
[White "Arkhangelsky, Boris"]
[Black "Kock, Hans-Uwe"]
[Result "1-0"]
[WhiteElo "2292"]
[BlackElo "2137"]
[PlyCount "57"]
[EventDate "2009.10.27"]
[EventType "swiss"]
[EventRounds "11"]
[EventCountry "ITA"]
[Source "lmi"]
[SourceDate "2009.10.27"]

1. e4 c6 2. d4 d5 3. Nc3 g6 4. h3 Bg7 5. Nf3 dxe4 6. Nxe4 Nf6 7. Nxf6+ exf6 8.
Be2 O-O 9. O-O Nd7 10. Bf4 Nb6 11. c4 Be6 12. b3 Qd7 13. Qd2 Rfe8 14. Rfd1 Rad8
15. Bf1 Bf5 16. Be3 g5 17. Qa5 Nc8 18. d5 b6 19. Qe1 Be4 20. dxc6 Qxc6 21. Rxd8
Rxd8 22. Nd4 Qb7 23. f3 Bg6 24. Rd1 Ne7 25. Bf2 f5 26. Nxf5 Rxd1 27. Nxe7+ Qxe7
28. Qxe7 Bd3 29. Qd8+ 1-0

[Event "19. Wch 2009 Veteranos"]
[Site "Condino ITA"]
[Date "2009.11.03"]
[Round "7.36"]
[White "Belokopyt, Boris"]
[Black "Buxade, Roca Guillermo"]
[Result "0-1"]
[WhiteElo "2050"]
[BlackElo "2175"]
[PlyCount "66"]
[EventDate "2009.10.27"]
[EventType "swiss"]
[EventRounds "11"]
[EventCountry "ITA"]
[Source "lmi"]
[SourceDate "2009.10.27"]

1. e4 c5 2. Nf3 Nc6 3. d3 g6 4. g3 Bg7 5. Bg2 d6 6. c3 e5 7. O-O Nf6 8. Re1 O-O
9. d4 Bg4 10. d5 Ne7 11. h3 Bd7 12. Kh2 Ne8 13. Bg5 f6 14. Bc1 Kh8 15. Nh4 g5
16. Nf3 Ng6 17. Na3 h6 18. Nc4 f5 19. Nfd2 f4 20. g4 b5 21. Na3 a5 22. f3 Nh4
23. Bf1 Rb8 24. b4 axb4 25. cxb4 c4 26. Nab1 h5 27. Nc3 Nf6 28. Qe2 Qc8 29. a4
hxg4 30. hxg4 bxa4 31. Nxa4 Bxg4 32. fxg4 Nxg4+ 33. Kg1 f3 0-1

[Event "19. Wch 2009 Veteranos"]
[Site "Condino ITA"]
[Date "2009.11.03"]
[Round "7.38"]
[White "Cavatorta, Fosco"]
[Black "Hvenekilde, Jorgen"]
[Result "0-1"]
[WhiteElo "1931"]
[BlackElo "2163"]
[PlyCount "56"]
[EventDate "2009.10.27"]
[EventType "swiss"]
[EventRounds "11"]
[EventCountry "ITA"]
[Source "lmi"]
[SourceDate "2009.10.27"]

1. d4 Nf6 2. Nf3 g6 3. Nc3 d5 4. Bf4 Bg7 5. e3 O-O 6. Be2 b6 7. Ne5 Bb7 8. h4
h5 9. g4 hxg4 10. Nxg4 Nxg4 11. Bxg4 e5 12. dxe5 d4 13. Bf3 Bxf3 14. Qxf3 dxc3
15. Qxa8 cxb2 16. Rb1 c6 17. Qxa7 Qd5 18. O-O Qe6 19. Qc7 Nd7 20. f3 Nxe5 21.
Bxe5 Bxe5 22. Qxb6 Rb8 23. Qa5 Rb5 24. Qa8+ Kg7 25. Qa4 Bf6 26. Kf2 Qd6 27. Rg1
Rb4 28. Qa3 Qh2+ 0-1

[Event "19. Wch 2009 Veteranos"]
[Site "Condino ITA"]
[Date "2009.11.03"]
[Round "7.49"]
[White "Candea, Gheorghe"]
[Black "Bue, Gunnar"]
[Result "1-0"]
[WhiteElo "2232"]
[BlackElo "1857"]
[PlyCount "61"]
[EventDate "2009.10.27"]
[EventType "swiss"]
[EventRounds "11"]
[EventCountry "ITA"]
[Source "lmi"]
[SourceDate "2009.10.27"]

1. e4 d6 2. d4 Nf6 3. Bd3 g6 4. Ne2 Bg7 5. O-O O-O 6. c3 Nbd7 7. f3 c5 8. Be3
a6 9. a4 h6 10. Qc1 Kh7 11. Rd1 Qc7 12. Nd2 Nb6 13. a5 Nbd7 14. Nc4 b5 15. axb6
Nxb6 16. Nxb6 Qxb6 17. dxc5 dxc5 18. b4 Nd7 19. Nf4 e6 20. Ra5 Bb7 21. Bxa6 Bc6
22. Qa1 Rfe8 23. b5 Nb8 24. bxc6 Nxa6 25. Qa3 Nc7 26. Rxa8 Rxa8 27. Qxc5 Qxc5
28. Bxc5 Ra6 29. Ne2 Rxc6 30. Bb4 Nb5 31. Rd3 1-0

[Event "19. Wch 2009 Veteranos"]
[Site "Condino ITA"]
[Date "2009.11.03"]
[Round "7.50"]
[White "Zharokov, Biket"]
[Black "Zhelesny, Stanislav"]
[Result "1/2-1/2"]
[WhiteElo "2000"]
[BlackElo "2173"]
[PlyCount "36"]
[EventDate "2009.10.27"]
[EventType "swiss"]
[EventRounds "11"]
[EventCountry "ITA"]
[Source "lmi"]
[SourceDate "2009.10.27"]

1. d4 Nf6 2. Nf3 g6 3. Bg5 Ne4 4. Bf4 d5 5. e3 Bg7 6. Nbd2 O-O 7. Bd3 f5 8. c4
e6 9. Ne5 g5 10. Bg3 c5 11. cxd5 Nxd2 12. Qxd2 cxd4 13. exd4 exd5 14. f4 Nc6
15. Qc3 gxf4 16. Bxf4 Qa5 17. Nxc6 Qxc3+ 18. bxc3 bxc6 1/2-1/2

[Event "19. Wch 2009 Veteranos"]
[Site "Condino ITA"]
[Date "2009.11.03"]
[Round "7.54"]
[White "Stuart, Peter"]
[Black "Haug, Kjell"]
[Result "1-0"]
[WhiteElo "2074"]
[BlackElo "1970"]
[PlyCount "85"]
[EventDate "2009.10.27"]
[EventType "swiss"]
[EventRounds "11"]
[EventCountry "ITA"]
[Source "lmi"]
[SourceDate "2009.10.27"]

1. c4 e5 2. Nc3 Nc6 3. Nf3 Nf6 4. e3 d6 5. d4 exd4 6. Nxd4 Bd7 7. b3 Be7 8. Bb2
a6 9. Be2 Nxd4 10. Qxd4 Bc6 11. O-O O-O 12. Nd5 Bxd5 13. cxd5 Ne8 14. Rac1 Bf6
15. Qd2 Bxb2 16. Qxb2 Qd7 17. Bf3 f5 18. g3 a5 19. a3 Rf6 20. Rc2 Rh6 21. h4
Qf7 22. Rfc1 Rd8 23. Qc3 b6 24. Qd4 Qf6 25. Qxf6 Rxf6 26. Be2 Rf7 27. Bb5 Kf8
28. Bxe8 Rxe8 29. Rxc7 Rxc7 30. Rxc7 Re5 31. Rc6 Rxd5 32. Rxb6 Ke7 33. Kg2 Rd3
34. a4 h6 35. Kf3 g5 36. hxg5 hxg5 37. Rb5 Ke6 38. g4 f4 39. Ke2 Rc3 40. Kd2
Rc5 41. Rxc5 fxe3+ 42. Kxe3 dxc5 43. Ke4 1-0

[Event "19. Wch 2009 Veteranos"]
[Site "Condino ITA"]
[Date "2009.11.03"]
[Round "7.56"]
[White "Kverndal, Leif"]
[Black "Profaizer, Gino"]
[Result "1/2-1/2"]
[WhiteElo "1948"]
[BlackElo "2068"]
[PlyCount "68"]
[EventDate "2009.10.27"]
[EventType "swiss"]
[EventRounds "11"]
[EventCountry "ITA"]
[Source "lmi"]
[SourceDate "2009.10.27"]

1. d4 d5 2. Nf3 Nf6 3. g3 Bf5 4. Bg2 e6 5. O-O Bd6 6. c4 c6 7. Nc3 Nbd7 8. Nh4
Bg4 9. f3 Bh5 10. cxd5 cxd5 11. Qb3 Qb6 12. Qxb6 Nxb6 13. e4 dxe4 14. fxe4 Be7
15. e5 Nfd5 16. Nxd5 Nxd5 17. Bxd5 exd5 18. Nf5 Rg8 19. Bd2 Rc8 20. Rac1 Kd7
21. Rxc8 Rxc8 22. Nxg7 Rc2 23. Bc3 Bg6 24. h4 h5 25. Nf5 Ke6 26. Ne3 Re2 27.
Ng2 Rc2 28. Nf4+ Kd7 29. Nxd5 Bf8 30. Nf4 Be4 31. Re1 Bf3 32. Rf1 Be4 33. Re1
Bf3 34. Rf1 Be4 1/2-1/2